[Event "Zonal 2.5 2017"]
[Site "Villa Martelli ARG"]
[Date "2017.05.04"]
[Round "5.18"]
[White "Villca,Julian"]
[Black "Arias,Juan Cruz"]
[Result "1-0"]
[WhiteElo "2137"]
[BlackElo "2254"]

1.c4 e5 2.g3 Nc6 3.Bg2 g6 4.Nc3 Bg7 5.e3 Nge7 6.Nge2 d6 7.O-O O-O 8.b3 Bg4
9.h3 Be6 10.d4 d5 11.Ba3 Re8 12.cxd5 Nxd5 13.Nxd5 Bxd5 14.e4 Bxb3 15.axb3 exd4
16.Nf4 Qg5 17.Nd3 Nd8 18.Qc1 Qb5 19.Qc4 Qd7 20.Nc5 Qc8 21.Rac1 c6 22.b4 Ne6
23.Bb2 Rd8 24.Rfd1 {#r} 1-0

[Event "Zonal 2.5 2017"]
[Site "Villa Martelli ARG"]
[Date "2017.05.04"]
[Round "5.22"]
[White "Kapitanchuk,Tomas"]
[Black "Vergara Rozas,J"]
[Result "1-0"]
[WhiteElo "2095"]
[BlackElo "2117"]

1.e4 e6 2.d3 d5 3.Nd2 Nf6 4.Ngf3 c5 5.g3 Nc6 6.Bg2 Be7 7.O-O b5 8.Re1 Bb7 9.e5
Nd7 10.h4 Qc7 11.Qe2 a5 12.h5 h6 13.Nf1 b4 14.Bf4 a4 15.Ne3 Nb6 16.a3 b3 17.c3
Ba6 18.Rac1 c4 19.d4 O-O-O 20.Bh3 Na7 21.Nd2 Nb5 22.Nb1 Qc6 23.g4 Rdg8 24.Bg3
g6 25.Kh2 Qe8 26.Rg1 Qf8 27.f4 Bxa3 28.bxa3 Nxa3 29.Nxa3 Qxa3 30.Ra1 Qe7
31.Qb2 Kb7 32.Qa3 Qxa3 33.Rxa3 Bb5 34.Rf1 Ra8 35.hxg6 fxg6 36.f5 Rhf8 37.fxg6
Rxf1 38.Nxf1 Rg8 39.Bh4 Nc8 40.Bf6 Rxg6 41.Kg3 Bd7 42.Nd2 Rg8 43.Bg2 Kb6
44.Kf4 Re8 45.Bg7 Ne7 46.Bxh6 Ka5 47.Ra1 {#r} 1-0

[Event "Zonal 2.5 2017"]
[Site "Villa Martelli ARG"]
[Date "2017.05.04"]
[Round "5.24"]
[White "Sabas,J"]
[Black "Del Blanco,Eduardo"]
[Result "1-0"]
[WhiteElo "2229"]
[BlackElo "2093"]

1.d4 d5 2.c4 e6 3.Nc3 Nf6 4.cxd5 exd5 5.Bg5 c6 6.Qc2 Be7 7.e3 a5 8.Nf3 Na6
9.a3 Nc7 10.Bd3 Ne6 11.Bh4 h6 12.Ne5 Nf8 13.f3 Be6 14.Bf2 N8d7 15.f4 Nxe5
16.dxe5 Ng4 17.Bg1 Nxe3 18.Bxe3 d4 19.f5 Bc8 20.e6 dxe3 21.O-O O-O 22.exf7+
Kh8 23.Bc4 b5 24.Be6 b4 25.Ne4 Ba6 26.Rfe1 Qb6 27.Qb3 e2+ 28.Kh1 Qd4 29.Qf3
Rad8 30.g4 bxa3 31.g5 axb2 32.Rab1 Bd3 33.Nf2 Bxg5 34.Nxd3 Qxd3 35.Qxd3 Rxd3
36.Rxb2 g6 37.fxg6 Kg7 38.Rbxe2 Kxg6 39.Bc4 Rd6 40.Ra1 Rxf7 41.Bxf7+ Kxf7
42.Rxa5 {#r} 1-0

[Event "Zonal 2.5 2017"]
[Site "Villa Martelli ARG"]
[Date "2017.05.04"]
[Round "5.26"]
[White "Postolski,Javier"]
[Black "Gimenez,I"]
[Result "0-1"]
[WhiteElo "2020"]
[BlackElo "2137"]

1.d4 Nf6 2.c4 e6 3.Nc3 d5 4.Nf3 Nbd7 5.Qc2 c6 6.Bg5 Bb4 7.cxd5 exd5 8.a3 Bd6
9.e3 Be7 10.Bd3 h6 11.Bf4 Nh5 12.Be5 Nhf6 13.Bf4 Nh5 14.Nxd5 Qa5+ 15.b4 Qxd5
16.Bc4 Nxf4 17.Bxd5 Nxd5 18.e4 Nf4 19.g3 Ng6 20.h4 Nf6 21.h5 Nf8 22.Ne5 N6d7
23.f4 Nxe5 24.dxe5 Bg4 25.Kf2 Ne6 26.f5 Nc7 27.Qc1 Bg5 28.Qc5 O-O-O 29.Ra2 Rd3
30.Re1 Rhd8 31.a4 Bd2 32.Re2 Bxe2 33.Kxe2 Na6 34.Qxa7 Bxb4 35.Qa8+ Kc7 36.Qa7
Bc5 {#R} 0-1

[Event "Zonal 2.5 2017"]
[Site "Villa Martelli ARG"]
[Date "2017.05.04"]
[Round "5.29"]
[White "Arias,JuanC"]
[Black "Curia,Santiago Jose"]
[Result "1-0"]
[WhiteElo "2116"]
[BlackElo "1765"]

1.d4 c5 2.c3 cxd4 3.cxd4 Nf6 4.Nc3 d5 5.Nf3 Nc6 6.Bf4 Qb6 7.Na4 Qa5+ 8.Bd2 Qd8
9.Rc1 Bf5 10.Nc5 Qb6 11.Qa4 Rc8 12.b4 Nd7 13.e3 Ncb8 14.Bb5 a6 15.Be2 e6
16.O-O Bxc5 17.Ne5 Qd8 18.bxc5 f6 19.Ba5 Qe7 20.c6 bxc6 21.Bb4 Qd8 22.Nxc6
Nxc6 23.Rxc6 Rxc6 24.Qxc6 a5 25.Ba3 Qb6 26.Qa4 Kd8 27.g4 Bg6 28.Rc1 Nb8 29.Bc5
Qc7 30.Qb3 Kc8 31.Rc3 Nc6 32.Bb6 Qb7 33.Bxa5 Qxb3 34.Rxc6+ {#r} 1-0

[Event "Zonal 2.5 2017"]
[Site "Villa Martelli ARG"]
[Date "2017.05.04"]
[Round "5.34"]
[White "Nejanky,M"]
[Black "Galleto,Ricardo"]
[Result "1-0"]
[WhiteElo "2015"]
[BlackElo "1982"]

1.e4 e5 2.Nc3 Bc5 3.Bc4 Nf6 4.d3 h6 5.Be3 Bxe3 6.fxe3 b5 7.Bxb5 c6 8.Bc4 d5
9.exd5 cxd5 10.Bb5+ Kf8 11.Qd2 Qa5 12.Nge2 Bg4 13.d4 a6 14.dxe5 axb5 15.exf6
g6 16.Nxd5 Qxd2+ 17.Kxd2 Na6 18.Rad1 Rd8 19.Ke1 Be6 20.Ndf4 Rxd1+ 21.Kxd1 Bd7
22.Nd4 Ke8 23.e4 Nc5 24.Re1 Kd8 25.Nd5 Re8 26.e5 Be6 27.Ne7 Bd7 28.Kd2 Ne6
29.Kc3 Kc7 30.Nxe6+ Bxe6 31.Rd1 Ra8 32.a3 Ra4 33.Rd4 Ra8 34.Nd5+ Kb7 35.Ne7
Kc7 36.Rd6 Ra4 37.Rxe6 fxe6 38.Nxg6 {#r} 1-0

[Event "Zonal 2.5 2017"]
[Site "Villa Martelli ARG"]
[Date "2017.05.04"]
[Round "5.36"]
[White "Bulcourf,C"]
[Black "Pierucci,F"]
[Result "1-0"]
[WhiteElo "2053"]
[BlackElo "1998"]

1.Nf3 g6 2.h4 Nf6 3.Nc3 d5 4.d4 Bg7 5.Bf4 Nbd7 6.Nb5 e5 7.dxe5 Nh5 8.Bh2 a6
9.Nc3 Nb6 10.a4 c6 11.e4 Bg4 12.a5 Nd7 13.exd5 Nxe5 14.Be2 Nxf3+ 15.Bxf3 Bxf3
16.Qxf3 O-O 17.O-O cxd5 18.Nxd5 Qxh4 19.Bd6 Bd4 20.c3 Rad8 21.Be7 g5 22.cxd4
Rxd5 23.Qxd5 {#r} 1-0

[Event "Asian Juniors 2017"]
[Site "Shiraz IRI"]
[Date "2017.05.04"]
[Round "2.2"]
[White "Daghli,Arash"]
[Black "Mosadeghpour,Masoud"]
[Result "0-1"]
[WhiteElo "2198"]
[BlackElo "2444"]

1.e4 c5 2.Nf3 d6 3.c3 Nf6 4.Be2 g6 5.O-O Bg7 6.Re1 O-O 7.Bf1 Nc6 8.d4 cxd4
9.cxd4 Bg4 10.d5 Ne5 11.Be2 Bxf3 12.gxf3 Rc8 13.Nc3 Nfd7 14.Be3 Nc4 15.Bxc4
Rxc4 16.Qe2 Qc8 17.Rec1 a6 18.Nd1 Rc7 19.f4 Nc5 20.f3 Qd7 21.Rc2 e6 22.dxe6
Nxe6 23.Rxc7 Nxc7 24.Nc3 d5 25.Nxd5 Nxd5 26.Rd1 Nxf4 27.Bxf4 Qe6 28.b3 Rc8
29.Kg2 g5 30.Bg3 h5 31.Rd6 Qe7 32.Qd2 h4 33.Rd7 Qf6 34.Rd6 Qb2 35.Qxb2 Bxb2
36.Be1 Bc1 37.Bb4 Bf4 38.Rd7 Kg7 39.Kh3 Rc2 40.Kg4 Kg6 {#R} 0-1

[Event "Asian Juniors 2017"]
[Site "Shiraz IRI"]
[Date "2017.05.04"]
[Round "2.3"]
[White "Mousavi,Se"]
[Black "Korevand,Sina"]
[Result "1-0"]
[WhiteElo "2435"]
[BlackElo "2198"]

1.d4 Nf6 2.Nf3 g6 3.Nbd2 Bg7 4.e4 O-O 5.Bc4 Nxe4 6.Nxe4 d5 7.Bd3 dxe4 8.Bxe4
Nd7 9.O-O c5 10.Be3 Nf6 11.Bd3 Nd5 12.c3 Qc7 13.Qb3 cxd4 14.cxd4 Nxe3 15.fxe3
Be6 16.Qa3 a6 17.Rac1 Qd7 18.Be4 Rac8 19.h4 Rxc1 20.Rxc1 Bf6 21.Qa5 Rc8 22.Rc3
Bf5 23.Bxf5 gxf5 24.Ne5 Bxe5 25.Qxe5 Rxc3 26.bxc3 Qe6 27.Qxe6 fxe6 28.Kf2 Kf7
29.Kf3 Kg6 30.Kf4 Kf6 31.a4 a5 32.c4 h6 33.h5 Kg7 34.Ke5 Kf7 35.c5 {#r} 1-0

[Event "Asian Juniors 2017"]
[Site "Shiraz IRI"]
[Date "2017.05.04"]
[Round "2.4"]
[White "Hamidi,Amir Mohammad"]
[Black "Gholami,A"]
[Result "0-1"]
[WhiteElo "2187"]
[BlackElo "2423"]

1.d4 Nf6 2.c4 e6 3.Nc3 Bb4 4.Nf3 c5 5.g3 Ne4 6.Bd2 Bxc3 7.bxc3 b6 8.Bg2 Bb7
9.O-O O-O 10.Be3 Nc6 11.dxc5 bxc5 12.Qd3 f5 13.Rfd1 d6 14.Rab1 Ba6 15.Nd2 Ne5
16.Qc2 Nxd2 17.Bxd2 Rb8 18.Qa4 Rxb1 19.Rxb1 Qc8 20.Bf4 Nxc4 21.Qc6 Qxc6
22.Bxc6 Kf7 23.e4 Rc8 24.Bd7 Rc7 25.Ba4 e5 26.Bc1 fxe4 27.Rb8 Rb7 28.Ra8 Nb6
29.Be8+ Ke6 30.Rd8 Nd5 31.Kg2 Rb1 {#R} 0-1

[Event "Asian Juniors 2017"]
[Site "Shiraz IRI"]
[Date "2017.05.04"]
[Round "2.5"]
[White "Harsha,B"]
[Black "Kumar,G"]
[Result "1-0"]
[WhiteElo "2413"]
[BlackElo "2176"]

1.e4 c5 2.Nf3 Nc6 3.g3 g6 4.Bg2 Bg7 5.O-O d6 6.c3 e5 7.d3 Nge7 8.Na3 d5 9.exd5
Nxd5 10.Re1 O-O 11.Nc4 Re8 12.Qb3 Nc7 13.Bg5 Qd7 14.Rad1 h6 15.Be3 b6 16.Nfd2
Rb8 17.Ne4 Re6 18.h4 Ba6 19.h5 Kh7 20.Bh3 f5 21.Ned2 b5 22.Na3 b4 23.cxb4 Rxb4
24.Qc3 Qxd3 25.Qxc5 Qd5 26.hxg6+ Kxg6 27.Nb3 Qxc5 28.Nxc5 Rf6 29.Rd7 f4
30.gxf4 exf4 31.Bd2 Rxb2 32.Bc3 Rxa2 33.Bxf6 Bxf6 34.Rxc7 Nd4 35.Bg2 Rxa3
36.Rxa7 f3 37.Bh3 Ne2+ 38.Kh2 Ra5 39.Rxa6 Rxc5 40.Bg4 Kg5 41.Bxf3 Nd4 42.Be4
Be5+ 43.Kg2 h5 44.Rg6+ Kf4 45.Bb1 Nc2 46.Rc1 Na3 47.Rxc5 Nxb1 48.Rh6 Nd2
49.Rxh5 Nf3 50.Rc4+ {#r} 1-0

[Event "Asian Juniors 2017"]
[Site "Shiraz IRI"]
[Date "2017.05.04"]
[Round "2.8"]
[White "Khademi,Mahdi"]
[Black "Tahbaz,Arash"]
[Result "0-1"]
[WhiteElo "2019"]
[BlackElo "2409"]

1.e4 g6 2.d4 Bg7 3.Nc3 c6 4.Nf3 b5 5.Bd3 d6 6.h3 Nd7 7.Bg5 Qc7 8.Qd2 a6 9.O-O
Ngf6 10.e5 dxe5 11.dxe5 Nxe5 12.Nxe5 Qxe5 13.Rfe1 Qc7 14.Bxf6 Bxf6 15.Qh6 Be6
16.Rad1 O-O-O 17.a4 Kb8 18.axb5 axb5 19.Ra1 Bd4 20.Be4 Qb6 21.Qf4+ Kb7 22.Qf3
Rd6 23.Bd3 Kc7 24.Ne4 Rd7 25.c3 Be5 26.Ra3 Rhd8 27.Bc2 Bd5 28.Qe2 Bc4 29.Qf3
f5 30.Ng5 Bd6 31.b4 e5 32.Rea1 e4 33.Ra7+ Kb8 34.Ra8+ Kb7 35.R1a7+ Qxa7
36.Rxa7+ Kxa7 37.Bxe4 fxe4 38.Qe3+ Ka8 39.Qb6 Bc7 40.Qxc6+ Kb8 41.g3 e3
42.fxe3 Rd1+ {#R} 0-1

[Event "Asian Juniors 2017"]
[Site "Shiraz IRI"]
[Date "2017.05.04"]
[Round "3.2"]
[White "Mosadeghpour,Masoud"]
[Black "Mohammad,Nubairshah Shaikh"]
[Result "1-0"]
[WhiteElo "2444"]
[BlackElo "2408"]

1.e4 Nf6 2.e5 Nd5 3.d4 d6 4.Nf3 Bg4 5.Be2 e6 6.c4 Nb6 7.Nc3 Be7 8.O-O O-O 9.h3
Bh5 10.exd6 cxd6 11.Be3 d5 12.c5 Bxf3 13.Bxf3 Nc4 14.Bf4 Bg5 15.b3 Na5 16.Bd6
Be7 17.Bxe7 Qxe7 18.b4 Nc4 19.Nxd5 exd5 20.Bxd5 Na3 21.Qd3 Qd7 22.Be4 f5
23.Bf3 Nb5 24.Rfd1 a5 25.Qc4+ Kh8 26.a4 Nc7 27.b5 Ne6 28.Bxb7 Qxb7 29.Qxe6 Qc8
30.Qxc8 Rxc8 31.b6 Rc6 32.d5 Rxc5 33.b7 Ra7 34.Rac1 Rxb7 35.Rxc5 Kg8 36.d6 Kf8
37.Rc8+ {#r} 1-0

[Event "Asian Juniors 2017"]
[Site "Shiraz IRI"]
[Date "2017.05.04"]
[Round "3.4"]
[White "Gholami,A"]
[Black "Tahmasebi,Hamid"]
[Result "1-0"]
[WhiteElo "2423"]
[BlackElo "2215"]

1.c4 Nf6 2.Nc3 d5 3.cxd5 Nxd5 4.g3 g6 5.Bg2 Nb6 6.Nf3 Bg7 7.d3 Nc6 8.h4 h6
9.Bd2 Bf5 10.Qc1 Qd7 11.Rb1 a5 12.O-O g5 13.Nb5 f6 14.Qc5 e5 15.Be3 Ra6
16.Rbd1 Bf8 17.Qc1 Nd5 18.Bc5 Ncb4 19.Bxf8 Rxf8 20.Nc3 Be6 21.a3 Nxc3 22.bxc3
Nd5 23.e4 Nb6 24.Rfe1 Bb3 25.Rd2 a4 26.Bf1 g4 27.Nh2 Nc8 28.d4 Rd6 29.d5 h5
30.c4 c5 31.Be2 Nb6 32.Nf1 f5 33.exf5 Qxf5 34.Bd3 Qf6 35.Rde2 Kd8 36.Nd2 Rd7
37.Ne4 Qe7 38.Ng5 Nxd5 39.cxd5 Bxd5 40.Rxe5 Qf6 41.Qxc5 {#r} 1-0

[Event "Asian Juniors 2017"]
[Site "Shiraz IRI"]
[Date "2017.05.04"]
[Round "3.6"]
[White "Tran Tuan Minh"]
[Black "Koniahli,Malek"]
[Result "1-0"]
[WhiteElo "2537"]
[BlackElo "1995"]

1.d4 Nf6 2.c4 c5 3.d5 b5 4.cxb5 a6 5.bxa6 g6 6.Nc3 Bxa6 7.e4 Bxf1 8.Kxf1 d6
9.g3 Bg7 10.Kg2 O-O 11.Nf3 Nbd7 12.Qe2 Qb8 13.Rb1 Rc8 14.Bf4 Ng4 15.Nd2 Nge5
16.b3 Nb6 17.a4 Nec4 18.Nxc4 Bxc3 19.h4 Nxc4 20.bxc4 Qa7 21.e5 dxe5 22.Bxe5
Bxe5 23.Qxe5 Qxa4 24.h5 Qa6 25.hxg6 Qxg6 26.Rb7 Ra4 27.Rh4 Ra6 28.Rxe7 Rca8
29.Rf4 Rf8 30.Qe2 h5 31.Re5 Kg7 32.Rxh5 f5 33.Qe5+ Qf6 34.Rg5+ Kh6 35.Rfxf5
Qxe5 36.Rxe5 Rfa8 37.Rg4 Ra2 38.Re6+ Kh7 39.Rf4 {#r} 1-0

[Event "Asian Juniors Girls 2017"]
[Site "Shiraz IRI"]
[Date "2017.05.04"]
[Round "2.1"]
[White "Manar,Khalil"]
[Black "Ivana Maria,F"]
[Result "0-1"]
[WhiteElo "1894"]
[BlackElo "2132"]

1.e4 d5 2.exd5 Qxd5 3.Nc3 Qd6 4.d4 Nf6 5.Nf3 Bg4 6.Be2 Nc6 7.Be3 Bxf3 8.Bxf3
O-O-O 9.Ne2 e5 10.Bxc6 Qxc6 11.O-O Ng4 12.Qc1 h5 13.c3 g5 14.Bxg5 f6 15.f3
Nxh2 16.Be3 Nxf1 17.Kxf1 h4 18.Qc2 h3 19.Qf5+ Qd7 20.Qxf6 Be7 21.Qxe5 h2
22.Kf2 h1=Q 23.Rxh1 Rxh1 24.Qa5 a6 25.c4 Re8 26.Bf4 Bd6 27.Be3 c5 28.dxc5 Qe7
29.cxd6 Qxe3+ {#R} 0-1

[Event "Asian Juniors Girls 2017"]
[Site "Shiraz IRI"]
[Date "2017.05.04"]
[Round "2.3"]
[White "Hashemi,Seyede Fatemeh"]
[Black "Bidhar,Rutumbara"]
[Result "1-0"]
[WhiteElo "1837"]
[BlackElo "1964"]

1.e4 c5 2.Nc3 Nc6 3.f4 g6 4.Nf3 Bg7 5.Bb5 Nd4 6.O-O e6 7.d3 Ne7 8.Nxd4 cxd4
9.Ne2 a6 10.Ba4 b5 11.Bb3 f5 12.e5 d6 13.exd6 Qxd6 14.Kh1 O-O 15.Ng1 Kh8
16.Nf3 Nc6 17.Qe1 Ra7 18.Qg3 Re7 19.Bd2 Qc5 20.a3 a5 21.Rac1 e5 22.fxe5 Nxe5
23.Ng5 Nc6 24.Rce1 Be5 25.Qh4 Qd6 26.Qh6 Qf6 27.Bd5 Bb7 28.Bxc6 {#r} 1-0

[Event "Asian Juniors Girls 2017"]
[Site "Shiraz IRI"]
[Date "2017.05.04"]
[Round "3.1"]
[White "Ivana Maria,F"]
[Black "Hashemi,Seyede Fatemeh"]
[Result "1-0"]
[WhiteElo "2132"]
[BlackElo "1837"]

1.d4 Nf6 2.Bg5 g6 3.Nc3 Bg7 4.e4 d6 5.Qd2 O-O 6.O-O-O c6 7.h4 h5 8.f3 b5 9.g4
Qa5 10.Bxf6 exf6 11.gxh5 gxh5 12.Nh3 b4 13.Nb1 Kh8 14.a3 c5 15.Bc4 Nc6 16.Bd5
Bb7 17.Bxc6 Bxc6 18.Rhg1 Rg8 19.dxc5 dxc5 20.Qf4 c4 21.axb4 Qxb4 22.Qf5 Qb5
23.Qxb5 Bxb5 24.Na3 Ba6 25.Rd5 Bh6+ 26.Kb1 Rxg1+ 27.Nxg1 Rg8 28.Ne2 Rg2 29.Nc3
Kg7 30.Rxh5 Rf2 31.Ra5 Bc8 32.Nxc4 Be6 33.Nd5 Rxf3 34.Nd6 Rh3 35.c4 Rxh4
36.Rxa7 Rh1+ 37.Ka2 Bd2 38.Ne8+ Kg6 39.Nexf6 Re1 40.Ra8 Bxd5 41.Nxd5 Rxe4
42.c5 Rc4 43.c6 Kf5 44.c7 {#r} 1-0

[Event "ch-CAT 2017"]
[Site "Vilanova i la Geltru ESP"]
[Date "2017.05.04"]
[Round "3.2"]
[White "Asis Gargatagli,H"]
[Black "Alonso Rosell,A"]
[Result "1-0"]
[WhiteElo "2505"]
[BlackElo "2537"]

1.e4 c6 2.d4 d5 3.e5 Bf5 4.Nf3 e6 5.Be2 Bb4+ 6.Nbd2 Nd7 7.O-O Ba5 8.Nb3 Bc7
9.Bg5 Ne7 10.Nh4 Be4 11.f3 Bg6 12.f4 Be4 13.f5 h6 14.fxe6 hxg5 15.exd7+ Kf8
16.Nc5 Kg8 17.Nf3 Nf5 18.Qd2 g4 19.Ng5 Nxd4 20.Bxg4 Qe7 21.Ncxe4 dxe4 22.g3
Qxe5 23.Rae1 Qd5 24.Rxe4 Be5 25.c3 c5 {#r} 1-0

[Event "ch-CAT 2017"]
[Site "Vilanova i la Geltru ESP"]
[Date "2017.05.04"]
[Round "3.3"]
[White "Asis Gargatagli,H"]
[Black "Alonso Rosell,A"]
[Result "1-0"]
[WhiteElo "2505"]
[BlackElo "2537"]
[EventType "k.o."]

1.e4 c6 2.d4 d5 3.Nd2 dxe4 4.Nxe4 Bf5 5.Ng3 Bg6 6.N1e2 Nf6 7.c3 e6 8.Nf4 Bd6
9.h4 Bxf4 10.Bxf4 h6 11.h5 Bh7 12.Qb3 Qe7 13.Be2 O-O 14.O-O Nd5 15.Bd2 a5
16.a4 Nd7 17.Rfe1 Rab8 18.Bf3 Qh4 19.c4 Nb4 20.Bxb4 axb4 21.Qxb4 Qxd4 22.Rad1
Qc5 23.Qc3 Nb6 24.b3 Ra8 25.Re5 Qa3 26.Rc1 Rfd8 27.Re3 Nd7 28.Ra1 Qe7 29.b4
Qf6 30.Qc1 Nb6 31.Rea3 Rd4 32.Be2 Qh4 33.a5 Nxc4 34.Rc3 Ne5 35.Qe3 Nd7 36.a6
bxa6 37.Rxc6 Rxb4 38.Raxa6 Rxa6 39.Rc8+ Nf8 40.Qc5 Rb1+ 41.Bf1 Rxf1+ 42.Nxf1
{#r} 1-0

[Event "ch-CAT 2017"]
[Site "Vilanova i la Geltru ESP"]
[Date "2017.05.04"]
[Round "3.4"]
[White "Narciso Dublan,M"]
[Black "Diaz Camallonga,C"]
[Result "1-0"]
[WhiteElo "2508"]
[BlackElo "2432"]
[EventType "k.o."]

1.d4 e6 2.c4 Nf6 3.g3 d5 4.Bg2 dxc4 5.Qa4+ Bd7 6.Qxc4 Bc6 7.Nf3 Nbd7 8.O-O Be7
9.Nc3 O-O 10.Rd1 a6 11.Qd3 b5 12.a3 Bb7 13.Bg5 c5 14.dxc5 Bxc5 15.Bxf6 Nxf6
16.Qxd8 Rfxd8 17.Ne5 Bxg2 18.Kxg2 Rxd1 19.Rxd1 Rc8 20.Na2 Bb6 21.Rc1 Rd8
22.Nb4 a5 23.Nbd3 g6 24.Rc6 Bd4 25.Nf3 Ne4 26.Ra6 Bf6 27.Rxa5 Rb8 28.Nfe5 Rb7
29.Nc6 Nd6 30.Ra7 Rb6 31.Nce5 Bxe5 32.Nxe5 Nc4 33.Nxf7 h5 34.b3 Nxa3 35.Nh6+
{#r} 1-0

[Event "TCh-RUS Women 2017"]
[Site "Sochi RUS"]
[Date "2017.05.03"]
[Round "3.1"]
[White "Girya,O"]
[Black "Baraeva,M"]
[Result "1-0"]
[WhiteElo "2476"]
[BlackElo "2169"]

1.d4 d5 2.c4 c6 3.Nc3 Nf6 4.e3 e6 5.Nf3 Nbd7 6.Qc2 Bd6 7.Bd3 O-O 8.O-O dxc4
9.Bxc4 Qe7 10.h3 e5 11.Bb3 Bb8 12.Re1 h6 13.dxe5 Nxe5 14.Nxe5 Qxe5 15.f4 Qe7
16.e4 a5 17.Be3 Be6 18.e5 Nd7 19.Rad1 Ba7 20.Bxa7 Rxa7 21.Rd6 Nb6 22.Qf2 Nc8
23.Bc2 Ra8 24.Rd2 f5 25.exf6 Rxf6 26.f5 Qf8 27.Rxe6 {#r} 1-0

[Event "TCh-RUS Women 2017"]
[Site "Sochi RUS"]
[Date "2017.05.03"]
[Round "3.1"]
[White "Beshukova,Alina"]
[Black "Kovanova,B"]
[Result "0-1"]
[WhiteElo "1997"]
[BlackElo "2363"]

1.d4 Nf6 2.c4 e6 3.g3 c5 4.d5 exd5 5.cxd5 d6 6.Nc3 g6 7.Bg2 Bg7 8.e4 O-O 9.Nf3
b5 10.Nd2 b4 11.Ne2 Re8 12.O-O Ba6 13.Re1 Nbd7 14.a3 Qb6 15.h4 Bb5 16.Qb3 Ne5
17.Nf4 Nfg4 18.Nf3 c4 19.Qc2 b3 20.Qd2 c3 21.bxc3 Nc4 22.Qe2 Bxc3 23.Rb1 b2
24.Rd1 Nxa3 {#R} 0-1

[Event "TCh-RUS Women 2017"]
[Site "Sochi RUS"]
[Date "2017.05.03"]
[Round "3.2"]
[White "Kashlinskaya,A"]
[Black "Filippova,Darya"]
[Result "1-0"]
[WhiteElo "2427"]
[BlackElo "2015"]

1.d4 d5 2.c4 e6 3.Nc3 Nf6 4.cxd5 Nxd5 5.e4 Nxc3 6.bxc3 c5 7.Rb1 g6 8.Nf3 Bg7
9.Be2 cxd4 10.cxd4 O-O 11.O-O Nc6 12.Bb2 Ne7 13.Qb3 b6 14.Rfd1 Bb7 15.Qe3 Rc8
16.h4 Rc7 17.h5 gxh5 18.d5 exd5 19.Bxg7 Kxg7 20.Nd4 Kh8 21.Bxh5 Ng6 22.Bxg6
hxg6 23.Qh6+ Kg8 24.Rb3 Qf6 25.Nf5 Qh8 26.Qf4 Rc4 27.Rh3 {#r} 1-0

[Event "TCh-RUS Women 2017"]
[Site "Sochi RUS"]
[Date "2017.05.03"]
[Round "3.2"]
[White "Mukhina,Jana"]
[Black "Kovalevskaya,E"]
[Result "0-1"]
[WhiteElo "2004"]
[BlackElo "2416"]

1.e4 c5 2.Nf3 Nc6 3.Bb5 g6 4.Bxc6 bxc6 5.O-O Bg7 6.Re1 Nh6 7.c3 O-O 8.h3 f5
9.e5 Nf7 10.d3 d6 11.Bf4 e6 12.exd6 g5 13.Be3 Qxd6 14.Nxg5 e5 15.Na3 f4 16.Ne4
Qg6 17.Bxc5 Bxh3 18.g3 Rfe8 19.Nc4 Rad8 20.Qe2 Bg4 21.f3 Bf5 22.Ncd2 fxg3
23.Kg2 Rd7 24.d4 Red8 25.Nxg3 exd4 26.Bxd4 Bxd4 27.cxd4 Rxd4 28.Nf1 Bd3 29.Qf2
h5 30.Kh1 Ng5 31.Nh2 h4 32.Ne2 Bxe2 33.Rxe2 Rd1+ 34.Rxd1 Rxd1+ 35.Nf1 Qb1
36.Re8+ Kf7 37.Qxa7+ Kxe8 38.Qa8+ Ke7 39.Qa7+ Kf6 {#R} 0-1

[Event "TCh-RUS Women 2017"]
[Site "Sochi RUS"]
[Date "2017.05.03"]
[Round "3.3"]
[White "Gutkovich,Polina"]
[Black "Gritsayeva,O"]
[Result "0-1"]
[WhiteElo "1961"]
[BlackElo "2396"]

1.e4 Nf6 2.e5 Nd5 3.d4 d6 4.c4 Nb6 5.exd6 cxd6 6.Nc3 Nc6 7.Be3 Bf5 8.Bd3 Bxd3
9.Qxd3 e6 10.Nf3 d5 11.c5 Nc4 12.b3 Nxe3 13.fxe3 Be7 14.O-O O-O 15.a3 Bf6
16.Rad1 Na5 17.Nd2 Nc6 18.Nf3 g6 19.b4 Bg7 20.Rf2 f5 21.Ne2 Qe7 22.Qd2 g5
23.b5 Nd8 24.Rc1 a6 25.a4 axb5 26.axb5 Nf7 27.Qb2 Bh6 28.Ne5 Nxe5 29.dxe5 Bg7
30.b6 Rfc8 31.Qb5 Bxe5 32.c6 Rxc6 33.Rxc6 bxc6 34.Qxc6 Qe8 35.Qc5 Rc8 36.Qb4
Qc6 37.Qe7 Qxb6 38.Qxg5+ Kh8 39.g3 Qb1+ 40.Rf1 Qe4 41.Qh6 Bg7 42.Qg5 h6 43.Qf4
Qd3 44.Nd4 e5 45.Qxf5 Qxe3+ 46.Kg2 Rf8 47.Nc2 Qc3 48.Qg6 Qd2+ {#R} 0-1

[Event "TCh-RUS Women 2017"]
[Site "Sochi RUS"]
[Date "2017.05.03"]
[Round "3.3"]
[White "Tomilova,E"]
[Black "Pogorelskikh,Sofia"]
[Result "1-0"]
[WhiteElo "2300"]
[BlackElo "1964"]

1.c4 g6 2.g3 Bg7 3.Bg2 c5 4.Nc3 Nc6 5.a3 e6 6.Rb1 Nge7 7.b4 cxb4 8.axb4 O-O
9.Nf3 d5 10.b5 Ne5 11.Nxe5 Bxe5 12.d4 Bg7 13.cxd5 Nxd5 14.Nxd5 exd5 15.O-O Re8
16.Be3 Be6 17.Qd2 Qb6 18.Rfc1 Rec8 19.Rc5 Bf8 20.Bxd5 Bxc5 21.dxc5 Qc7 22.Bf3
f6 23.Qb2 Qe7 24.c6 bxc6 25.bxc6 Bf5 26.Qb7 Qe8 27.Bh6 Qf7 28.Bd5 {#r} 1-0

[Event "TCh-RUS Women 2017"]
[Site "Sochi RUS"]
[Date "2017.05.03"]
[Round "3.3"]
[White "Makarova,Darya"]
[Black "Maltsevskaya,Aleksandra"]
[Result "0-1"]
[WhiteElo "1827"]
[BlackElo "2199"]

1.d4 Nf6 2.Nf3 g6 3.e3 Bg7 4.b4 O-O 5.c4 a5 6.b5 d5 7.c5 Ne4 8.Qc2 Bg4 9.Nbd2
Nd7 10.Bb2 Nxd2 11.Nxd2 e5 12.c6 bxc6 13.bxc6 exd4 14.cxd7 Qe7 15.e4 dxe4
16.Bc4 d3 17.Qc1 e3 18.O-O exd2 19.Qxd2 Bxb2 20.Qxb2 Qxd7 21.Qd2 Be2 22.Rfc1
Rab8 23.Rc3 Rfd8 24.Rac1 a4 25.a3 Rb6 26.Ba2 Rb2 27.Qxb2 d2 28.h3 Qd4 29.Qc2
Qf6 30.Rb1 d1=Q+ 31.Rxd1 Rxd1+ 32.Kh2 Qf4+ 33.Rg3 Qxf2 34.Bxf7+ Kf8 35.Rc3
Qf4+ 36.Rg3 Rd3 37.Qc5+ Kxf7 38.Qg5 Qxg3+ 39.Qxg3 Rxg3 {#R} 0-1

[Event "TCh-RUS Women 2017"]
[Site "Sochi RUS"]
[Date "2017.05.03"]
[Round "3.3"]
[White "Travkina,A"]
[Black "Kalashnikova,El"]
[Result "1-0"]
[WhiteElo "2274"]
[BlackElo "1720"]

1.e4 d5 2.exd5 Qxd5 3.Nc3 Qd6 4.d4 Nf6 5.h3 g6 6.Nf3 c6 7.Ne5 Bg7 8.Bf4 Nh5
9.Bh2 Qd8 10.Qd2 Be6 11.O-O-O Nd7 12.f4 Nhf6 13.g4 Qa5 14.Nc4 Bxc4 15.Bxc4 Nb6
16.Bb3 Rd8 17.Qe2 Nfd5 18.Ne4 Na4 19.h4 f5 20.gxf5 gxf5 21.Qh5+ Kd7 22.Qxf5+
Kc7 23.c4 Nc5 24.Nxc5 Bxd4 25.Ne6+ Kb6 26.Nxd4 Qc5 27.Bg1 Rhf8 28.Qe5 Rxf4
29.Ne6 {#r} 1-0

[Event "TCh-RUS Women 2017"]
[Site "Sochi RUS"]
[Date "2017.05.03"]
[Round "3.4"]
[White "Nasybullina,Alfia"]
[Black "Ovod,E"]
[Result "0-1"]
[WhiteElo "2162"]
[BlackElo "2380"]

1.c4 f5 2.Nc3 Nf6 3.d4 d6 4.Bg5 Nbd7 5.Qc2 g6 6.Nf3 Bg7 7.O-O-O c6 8.e3 Qa5
9.d5 Nc5 10.Bxf6 Bxf6 11.Nd4 Bd7 12.g3 Ne4 13.Nb3 Qb4 14.Nxe4 fxe4 15.dxc6
bxc6 16.Bg2 Rb8 17.Bxe4 c5 18.Rd3 a5 19.h4 a4 20.h5 gxh5 21.Kd1 axb3 {#R} 0-1

[Event "ch-CHN w 2017"]
[Site "Xinghua CHN"]
[Date "2017.05.03"]
[Round "10.1"]
[White "Zhu,Jiner"]
[Black "Wang Jue"]
[Result "0-1"]
[WhiteElo "2154"]
[BlackElo "2335"]

1.e4 c5 2.Nf3 d6 3.d4 cxd4 4.Nxd4 Nf6 5.Nc3 a6 6.Be3 e5 7.Nf3 Be7 8.Bc4 O-O
9.O-O Qc7 10.Bb3 Be6 11.Bg5 Nbd7 12.Bxf6 Nxf6 13.Qe2 b5 14.Rfd1 Rfc8 15.Ne1
Rab8 16.Nd5 Nxd5 17.Bxd5 Bxd5 18.Rxd5 Qc4 19.Qe3 f5 20.f3 fxe4 21.fxe4 Rf8
22.Nd3 Qxc2 23.Rc1 Qa4 24.a3 Rbc8 25.Nb4 Rxc1+ 26.Qxc1 a5 27.Nc6 Bh4 28.b4
axb4 29.g3 bxa3 30.gxh4 a2 31.Qa1 Qc4 32.Ne7+ Kh8 33.Rd1 Qxe4 {#R} 0-1